Plötzlich da: deutsche Bittsteller 1709, türkische Nachbarn 1961

Saved in:  
Bibliographic Details
Corporate Author: Deutsches Auswandererhaus Bremerhaven. Herausgebendes Organ (Issuing body)
Contributors: Blaschka-Eick, Simone 1972- (Editor) ; Bongert, Christoph (Editor)
Format: Print Book
Language:German
Subito Delivery Service: Order now.
Check availability: HBZ Gateway
WorldCat: WorldCat
Interlibrary Loan:Interlibrary Loan for the Fachinformationsdienste (Specialized Information Services in Germany)
Published: Bremerhaven edition DAH [2016]
In:Year: 2016
Volumes / Articles:Show volumes/articles.
Series/Journal:Ein Buch zur Ausstellungsreihe "deutsch und fremd?"
Standardized Subjects / Keyword chains:B Germany / Emigration / History 1709-1750
B England / USA / Immigration / History 1709-1750
B Deutschland (boat, 1866-1875) / Turkish workers / Public image / Geschichte 1961-
Further subjects:B Usa
B Turkish workers
B History 1709-1750
B Migration
B Emigration
B England
B Exhibition catalog Deutsches Auswandererhaus Bremerhaven 2016 (Bremerhaven)
B Deutschland (boat, 1866-1875)
B Spring
B Turkey (motif)
B Deutschland (BRD)
B History 1961-2016
B Public image
B German immigrant
B Germany
Sammlungen:

MARC

LEADER 00000cam a2200000 c 4500
001 863604188
003 DE-627
005 20251008185608.0
007 tu
008 160722s2016 gw ||||| c 00| ||ger c
020 |a 9783981786101  |9 978-3-9817861-0-1 
035 |a (DE-627)863604188 
035 |a (DE-576)470985003 
035 |a (DE-599)BSZ470985003 
035 |a (OCoLC)954269307 
035 |a (OCoLC)953129867 
040 |a DE-627  |b ger  |c DE-627  |e rda 
041 |a ger 
044 |c XA-DE 
084 |a NAHOST  |q DE-3  |2 fid 
084 |a AK 88145  |2 rvk  |0 (DE-625)rvk/2727:10979 
084 |a NQ 6170  |2 rvk  |0 (DE-625)rvk/128702: 
084 |a NV 5150  |2 rvk  |0 (DE-625)rvk/131859: 
084 |a 15.87  |2 bkl 
084 |a 15.43  |2 bkl 
084 |a 71.62  |2 bkl 
084 |a 71.52  |2 bkl 
084 |a 15.38  |2 bkl 
245 0 0 |a Plötzlich da  |b deutsche Bittsteller 1709, türkische Nachbarn 1961  |c herausgegeben von Simone Blaschka-Eick und Christoph Bongert ; Deutsches Auswandererhaus Bremerhaven 
264 1 |a Bremerhaven  |b edition DAH  |c [2016] 
264 4 |c © 2016 
300 |a 213 Seiten  |b Illustrationen, Karten, Diagramme 
336 |a Text  |b txt  |2 rdacontent 
337 |a ohne Hilfsmittel zu benutzen  |b n  |2 rdamedia 
338 |a Band  |b nc  |2 rdacarrier 
490 0 |a Ein Buch zur Ausstellungsreihe "deutsch und fremd?" 
500 |a "Ausstellung "Plötzlich da. Deutsche Bittsteller 1709, türkische Nachbarn 1961" ..." - Vorwort 
546 |a Deutsch 
601 |a Deutsche 
601 |a Bittsteller 
601 |a Türkisch 
648 7 |a Geschichte 1709-1750  |2 gnd 
648 7 |a Geschichte 1961-2016  |2 gnd 
650 0 |a Migration 
650 0 7 |0 (DE-588)4003920-1  |0 (DE-627)106388304  |0 (DE-576)208853200  |a Auswanderung  |2 gnd 
650 0 7 |0 (DE-588)4332379-0  |0 (DE-627)148049370  |0 (DE-576)211331449  |a Deutscher Einwanderer  |2 gnd 
650 0 7 |0 (DE-588)4137952-4  |0 (DE-627)105646199  |0 (DE-576)209681993  |a Türkischer Arbeitnehmer  |2 gnd 
650 0 7 |0 (DE-588)4127240-7  |0 (DE-627)105726222  |0 (DE-576)209591986  |a Fremdbild  |2 gnd 
651 0 |a Deutschland (BRD) 
651 0 |a Türkei 
651 7 |0 (DE-588)4078053-3  |0 (DE-627)104729074  |0 (DE-576)209207248  |a Südwestdeutschland  |2 gnd 
651 7 |0 (DE-588)4014770-8  |0 (DE-627)10466553X  |0 (DE-576)208909346  |a England  |2 gnd 
651 7 |0 (DE-588)4078704-7  |0 (DE-627)106076612  |0 (DE-576)209209682  |a Usa  |2 gnd 
651 7 |0 (DE-588)4011882-4  |0 (DE-627)104704861  |0 (DE-576)208896155  |a Deutschland  |2 gnd 
655 7 |a Quelle  |0 (DE-588)4135952-5  |0 (DE-627)105661236  |0 (DE-576)209665084  |2 gnd-content 
655 7 |a Ausstellungskatalog  |x Deutsches Auswandererhaus Bremerhaven  |y 2016  |z Bremerhaven  |0 (DE-588)4135467-9  |0 (DE-627)10566491X  |0 (DE-576)209660988  |2 gnd-content 
689 0 0 |d g  |0 (DE-588)4078053-3  |0 (DE-627)104729074  |0 (DE-576)209207248  |2 gnd  |a Südwestdeutschland 
689 0 1 |d s  |0 (DE-588)4003920-1  |0 (DE-627)106388304  |0 (DE-576)208853200  |2 gnd  |a Auswanderung 
689 0 2 |q z  |2 gnd  |a Geschichte 1709-1750 
689 0 |5 (DE-627) 
689 1 0 |d g  |0 (DE-588)4014770-8  |0 (DE-627)10466553X  |0 (DE-576)208909346  |2 gnd  |a England 
689 1 1 |d g  |0 (DE-588)4078704-7  |0 (DE-627)106076612  |0 (DE-576)209209682  |2 gnd  |a USA 
689 1 2 |d s  |0 (DE-588)4013960-8  |0 (DE-627)106341502  |0 (DE-576)20890610X  |2 gnd  |a Einwanderung 
689 1 3 |q z  |2 gnd  |a Geschichte 1709-1750 
689 1 |5 (DE-627) 
689 2 0 |d g  |0 (DE-588)4011882-4  |0 (DE-627)104704861  |0 (DE-576)208896155  |2 gnd  |a Deutschland 
689 2 1 |d s  |0 (DE-588)4137952-4  |0 (DE-627)105646199  |0 (DE-576)209681993  |2 gnd  |a Türkischer Arbeitnehmer 
689 2 2 |d s  |0 (DE-588)4127240-7  |0 (DE-627)105726222  |0 (DE-576)209591986  |2 gnd  |a Fremdbild 
689 2 3 |q z  |2 gnd  |a Geschichte 1961- 
689 2 |5 (DE-627) 
700 1 |e HerausgeberIn  |0 (DE-588)142353574  |0 (DE-627)635850656  |0 (DE-576)330507567  |4 edt  |a Blaschka-Eick, Simone  |d 1972- 
700 1 |e HerausgeberIn  |0 (DE-588)1081095512  |0 (DE-627)845569910  |0 (DE-576)453941060  |4 edt  |a Bongert, Christoph 
710 2 |e Herausgebendes Organ  |0 (DE-588)16035841-3  |0 (DE-627)613361830  |0 (DE-576)313297444  |4 isb  |a Deutsches Auswandererhaus Bremerhaven 
935 |a FRST  |a mteo 
935 |i Blocktest 
936 r v |a AK 88145  |b Bremerhaven  |k Allgemeines  |k Museumswesen, Museologie, Museumswissenschaft  |k Einzelne Museen  |k Deutschland  |k Bremerhaven  |0 (DE-627)1398309036  |0 (DE-625)rvk/2727:10979  |0 (DE-576)328309036 
936 r v |a NQ 6170  |b Wirtschaft  |k Geschichte  |k Geschichte seit 1918  |k Deutsche Geschichte seit 1945  |k Bundesrepublik Deutschland (bis 1990)  |k Innenpolitik  |k Wirtschaft  |0 (DE-627)1271472503  |0 (DE-625)rvk/128702:  |0 (DE-576)201472503 
936 r v |a NV 5150  |b Mönchtum und Klosterwesen  |k Geschichte  |k Religions- und Kirchengeschichte  |k Geschichte der katholischen Kirche  |k Geschichte des Mönchtums und des Klosterwesens  |k Mönchtum und Klosterwesen  |0 (DE-627)127153925X  |0 (DE-625)rvk/131859:  |0 (DE-576)20153925X 
936 b k |a 15.87  |j USA  |x Geschichte  |0 (DE-627)181569760 
936 b k |a 15.43  |j Deutsche Geschichte des 19. Jahrhunderts bis zur Gegenwart  |0 (DE-627)181569701 
936 b k |a 71.62  |j Ethnische Beziehungen  |0 (DE-627)106410423 
936 b k |a 71.52 
936 b k |a 15.38  |j Europäische Geschichte nach 1945  |q coli-conc RVK->BK  |q https://coli-conc.gbv.de/api/mappings/ca5e71c2-ea45-4983-9498-0aae53095f57  |0 (DE-627)181569671 
951 |a BO 
ACO |a 1 
ELC |b 1 
LOK |0 000 xxxxxcx a22 zn 4500 
LOK |0 001 4440927823 
LOK |0 003 DE-627 
LOK |0 004 863604188 
LOK |0 005 20240912084830 
LOK |0 008 231219||||||||||||||||ger||||||| 
LOK |0 040   |a DE-Tue135  |c DE-627  |d DE-Tue135 
LOK |0 092   |o n 
LOK |0 852   |a DE-Tue135 
LOK |0 852 1  |9 00 
LOK |0 866   |x SPQUE#Bibliothek der Franckeschen Stiftungen 
LOK |0 935   |a FRST 
LOK |0 939   |a 19-12-23  |b l01 
ORI |a SA-MARC-ixtheoa001.raw 
REF |a Arbeitsemigration,Arbeitsimmigration,Arbeitsmigration 
SPR |a 1  |t IXT 
STA 0 0 |a Deutschland (boat, 1866-1875),Germany,Germany,Germany,Germany,German Federal Republic (motif),Germany,Germany,Germany,Germany,Germany,Germany,German Democratic Republic,Germany,Federal Republic of Germany,Germany,Germany,Germany,Soviet Occupation Zone,French Occupation Zone,Emigration,Emigration,Emigration and immigration in art,England,England,England,England,England,England,England,Western England,Northeastern England,Eastern England,Southern England,Northwestern England,Northern England,Southeastern England,German immigrant,Germany,Southwestern Germany,Immigration,Immigration,Migration,Migration,Population movement,Public image,Public perception,Perception by others,Perception of others,Turkey (motif),Turkey,Turkish workers,USA,USA,Middle West,USA,USA,USA,USA,USA,America,Confederate States of America,Midwest 
STB 0 0 |a Deutschland (bateau, 1866-1875),Allemagne,Allemagne,République fédérale d'Allemagne (motif),Immigration,Immigration,Immigré allemand,Migration,Migration,Perception par les autres,image publique,image publique,Travailleur turc,Turquie (motif),Émigration,Émigration 
STC 0 0 |a Alemania,Alemania,Emigración,Emigración,Heteroestereótipo,Inmigración,Inmigración,Inmigrante alemán,Migración,Migración,Trabajador turco 
STD 0 0 |a Emigrazione,Emigrazione,Germania,Germania,Immagine degli altri,Eterostereotipo,Eterostereotipo,Immigrato tedesco,Immigrazione,Immigrazione,Lavoratore turco,Migrazione,Migrazione 
STE 0 0 |a 德国,德国,德裔移民,移居外国,移居外国,移民,移民,迁居,迁居,迁移,移民,迁徙 
STF 0 0 |a 德國,德國,德裔移民,移居外國,移居外國,移民,移民,遷居,遷居,遷移,移民,遷徙 
STG 0 0 |a Alemanha,Alemanha,Emigração,Emigração,Heteroestereótipo,Imigrante alemão,Imigração,Imigração,Migração,Migração,Trabalhador turco 
STH 0 0 |a Германия (ГДР, мотив),Германия (мотив),Иммиграция (мотив),Иммиграция,Миграция (мотив),Миграция,Немецкий иммигрант,Образ другого лица,Турецкий наёмный работник,Эмиграция (мотив),Эмиграция 
STI 0 0 |a Αποδημία (μοτίβο),Αποδημία,Γερμανία (ΛΔΓ, μοτίβο),Γερμανία (μοτίβο),Γερμανός μετανάστης,Εικόνα των άλλων,Ετεροστερεότυπο,Μετανάστευση (μοτίβο),Μετανάστευση,Μετανάστευση <μοτίβο>,Μετανάστευση,Αποδημία,Αποδημία (μοτίβο),Τούρκος εργαζόμενος 
SYE 0 0 |a Wanderung,Migration,Bevölkerungswanderung,Wanderung,Wanderungen,Wanderungsbewegung , Emigration <Auswanderung>,Emigration , Fremdenbild,Heterostereotyp,Fremdenbeurteilung,Fremd-Image,Fremdwahrnehmung 
SYF 0 0 |a Türkiye,Türkiye Cumhuriyeti,TC,République Turque,Turkey,T'owrk'ia,Republic of Turkey,Republik Türkei,Republik Türkiye,Turkish Republic,Turquie , Deutschland,Südwest,Süddeutschland,West , England , Angleterre,Kingdom of England,Engeland,Inghilterra,Inglaterra , DDR,Deutsche Demokratische Republik,Germany,Amerikanische Zone Deutschlands,BRD,Britische Zone Deutschlands,Bundesrepublik Deutschland,Französische Zone Deutschlands,Vereinigtes Wirtschaftsgebiet Deutschlands,BRD,Bundesrepublik Deutschland , Vereinigtes Wirtschaftsgebiet,Bizone,Verwaltung des Vereinigten Wirtschaftsgebietes,Französische Zone,Zone Française d'Occupation,Französische Besatzungszone,ZFO,Britische Zone,British occupation zone,Britische Besatzungszone,British Zone of Control,Britisches Kontrollgebiet,British Element,Britisches Element,Sowjetische Zone,Russische Zone,Sowjetische Besatzungszone,Russische Besatzungszone,Sowjetische Besatzungszone Deutschlands,Sowjetische Besatzungszone in Deutschland,Sowjetisch Besetzte Zone,Sowjetzone,Ostzone,SBZ,Länder,Westliche Bundesländer,Alte Bundesländer,Deutschland,Westdeutschland,Deutschland,Westzonen,Westliche Besatzungszonen,Trizone,Östliche Bundesländer,Neue Bundesländer,Länder,Deutschland,Ostdeutschland,Deutschland,Deutschland,Amerikanische Zone,American occupation zone,Amerikanische Besatzungszone,ABZ,United States Area of Control,Amerikanisches Kontrollgebiet,U.S. zone of occupation,United States Zone,U.S. Zone,US-Zone,Alemanha,Alemania,Allemagne,Almanija,Almāniyā,Bondsrepubliek Duitsland,BRD,BRD,Bundesrepublik Deutschland,Deutschland,Deutschland,Federal Republic of Germany,Förbundsrepubliken Tyskland,Förbundsrepublikken Tyskland,FRG,Germany,Németországi Szövetségi Kőztársaság,Niemiecka Republika Federalna Niemiecka Republika Federalna,NRF,Repubblica Federale di Germania,Republic of Germany,República Federal da Alemanha,República Federal de Alemania,Republik Federasi Djerman,Republika Federalna Niemiec,République Fédérale d'Allemagne,RFN,Saksan Liittotasavalta,Westdeutschland,Deutsche Demokratische Republik,DDR,Deutschland,German Democratic Republic,GDR,République Démocratique Allemande,RDA,Germanskaja Demokratičeskaja Respublika,Demokratičeskaja Respublika,Democratic Republic,Demokratische Republik,Niemiecka Republika Demokratyczna,NRD,Ǧumhūrīyat Almāniyā ad-Dīmuqrāṭīya,República Democrática Alemana,Saksan Demokraattisen Tasavallan,Repubblica Democratica Tedesca,Mitteldeutschland,Ostdeutschland,East Germany,Ostzone,Deutsche Länder,Germany,Heiliges Römisches Reich,Rheinbund,Deutscher Bund,Norddeutscher Bund,Deutsches Reich,Deutschland,Deutschland,BRD,Federal Republic of Germany,Republic of Germany,Allemagne,Ǧumhūrīyat Almāniyā al-Ittiḥādīya,Bundesrepublik Deutschland,BRD,Niemcy,République Fédérale d'Allemagne,Repubblica Federale di Germania,Germanija,Federativnaja Respublika Germanija,FRG,Deyizhi-Lianbang-Gongheguo 
SYG 0 0 |a Deutschland,Südwest,Süddeutschland,West , Emigration <Auswanderung>,Emigration , England , Angleterre,Kingdom of England,Engeland,Inghilterra,Inglaterra , United States,United States of America,Vereinigte Staaten,Vereinigte Staaten von Amerika , United States of America,Vereinigte Staaten von Amerika,Amerika <USA>,United States of America,Vereinigte Staaten von Amerika,Amerika <USA>,USA,USA,Nord,Nördliche Vereinigte Staaten,Nordwestamerika,USA,Nordwest,Pazifischer Nordwesten,Mittlerer Westen,USA,Middle West,Mittelwesten,Midwest,USA,Nordost,Nordöstliche Vereinigte Staaten,USA,Südost,Südöstliche Vereinigte Staaten,USA,Ost,Östliche Vereinigte Staaten,Südwestliche USA,USA,Südweststaaten,Südwestliche Vereinigte Staaten,USA,Südwest,USA,West,Westliche Vereinigte Staaten,Nordamerikanische Südstaaten,Konföderierte Staaten von Amerika,Confederate States of America,Südliche Vereinigte Staaten,Südatlantische Staaten,Südöstliche Staaten,United States of America,Vereinigte Staaten von Amerika,Nordamerika,Amerika,United States,United States of America,Etats Unis,Etats-Unis,Vereinigte Staaten,Estados Unidos de America,EEUU,Vereinigte Staaten von Nordamerika,Soedinennye Štaty Ameriki,SŠA,Stany Zjednoczone Ameryki Północnej,Hēnōmenai Politeiai tēs Boreiu Amerikēs,Hēnōmenes Politeies tēs Amerikēs,HēPA,Ēnōmenes Politeies tēs Amerikēs,ĒPA,Meiguo,Etats-Unis d'Amérique,US , Immigration,Zuwanderung <Einwanderung>,Immigration,Zuwanderung , DDR,Deutsche Demokratische Republik,Germany,Amerikanische Zone Deutschlands,BRD,Britische Zone Deutschlands,Bundesrepublik Deutschland,Französische Zone Deutschlands,Vereinigtes Wirtschaftsgebiet Deutschlands,BRD,Bundesrepublik Deutschland , Vereinigtes Wirtschaftsgebiet,Bizone,Verwaltung des Vereinigten Wirtschaftsgebietes,Französische Zone,Zone Française d'Occupation,Französische Besatzungszone,ZFO,Britische Zone,British occupation zone,Britische Besatzungszone,British Zone of Control,Britisches Kontrollgebiet,British Element,Britisches Element,Sowjetische Zone,Russische Zone,Sowjetische Besatzungszone,Russische Besatzungszone,Sowjetische Besatzungszone Deutschlands,Sowjetische Besatzungszone in Deutschland,Sowjetisch Besetzte Zone,Sowjetzone,Ostzone,SBZ,Länder,Westliche Bundesländer,Alte Bundesländer,Deutschland,Westdeutschland,Deutschland,Westzonen,Westliche Besatzungszonen,Trizone,Östliche Bundesländer,Neue Bundesländer,Länder,Deutschland,Ostdeutschland,Deutschland,Deutschland,Amerikanische Zone,American occupation zone,Amerikanische Besatzungszone,ABZ,United States Area of Control,Amerikanisches Kontrollgebiet,U.S. zone of occupation,United States Zone,U.S. Zone,US-Zone,Alemanha,Alemania,Allemagne,Almanija,Almāniyā,Bondsrepubliek Duitsland,BRD,BRD,Bundesrepublik Deutschland,Deutschland,Deutschland,Federal Republic of Germany,Förbundsrepubliken Tyskland,Förbundsrepublikken Tyskland,FRG,Germany,Németországi Szövetségi Kőztársaság,Niemiecka Republika Federalna Niemiecka Republika Federalna,NRF,Repubblica Federale di Germania,Republic of Germany,República Federal da Alemanha,República Federal de Alemania,Republik Federasi Djerman,Republika Federalna Niemiec,République Fédérale d'Allemagne,RFN,Saksan Liittotasavalta,Westdeutschland,Deutsche Demokratische Republik,DDR,Deutschland,German Democratic Republic,GDR,République Démocratique Allemande,RDA,Germanskaja Demokratičeskaja Respublika,Demokratičeskaja Respublika,Democratic Republic,Demokratische Republik,Niemiecka Republika Demokratyczna,NRD,Ǧumhūrīyat Almāniyā ad-Dīmuqrāṭīya,República Democrática Alemana,Saksan Demokraattisen Tasavallan,Repubblica Democratica Tedesca,Mitteldeutschland,Ostdeutschland,East Germany,Ostzone,Deutsche Länder,Germany,Heiliges Römisches Reich,Rheinbund,Deutscher Bund,Norddeutscher Bund,Deutsches Reich,Deutschland,Deutschland,BRD,Federal Republic of Germany,Republic of Germany,Allemagne,Ǧumhūrīyat Almāniyā al-Ittiḥādīya,Bundesrepublik Deutschland,BRD,Niemcy,République Fédérale d'Allemagne,Repubblica Federale di Germania,Germanija,Federativnaja Respublika Germanija,FRG,Deyizhi-Lianbang-Gongheguo , Fremdenbild,Heterostereotyp,Fremdenbeurteilung,Fremd-Image,Fremdwahrnehmung 
TIM |a 100017090101_100017501231  |b Geschichte 1709-1750